01063nam a2200253 i 450000100060000000300090000600500170001500700030003200800410003510000380007624500920011425000120020626000420021830000390026049000190029950501920031865000430051065000260055370000360057983000270061585200250064299900170066795201250068464546ES-MaACL20250927063035.0t|031229s1970 sp af |||| | spa d1 aFontaine, André, d1921-95157710aHistoria de la guerra fría / cAndré Fontaine ; [versión, Basilio Losada Castro]. a1ª ed. aBarcelona : bLuis de Caralt, c1970. a2 v., 16 lám. : bil. ; c22 cm.1 aLa vida vivida8 aContiene: I. De la Revolución de Octubre a la guerra de Corea, 1917-1950 (413 p., 5 h., lám.) - II. De la guerra de Corea a la crisis de las alianzas, 1950-1967 (492 p., 2 h., lám.)04aHistoria contemporánea-yS.XX91339604aGuerra fría.9132061 aLosada, Basilio, d1930-97425103aLa vida vivida9180877 aES-MaACLjC-38466-67 c64546d64546 00104070aATENEOMbATENEOMcDEPO2d2008-01-17eSCl0oC-38466-67p1067635r2023-02-23 00:00:00w2023-02-23yMONOGRAFIA